Countries toowise has been to by Flag Maps - Statistics

General Stats
  • This quiz has been taken 41 times
    17 since last reset
  • The average score is 54 of 58
Answer Stats
Picture Answer % Correct
Albania
100%
Andorra
100%
Austria
100%
Belarus
100%
Belgium
100%
Bosnia and Herzegovina
100%
Botswana
100%
Bulgaria
100%
Canada (4 Subdivisions)
100%
Croatia
100%
Cuba
100%
Cyprus
100%
Czech Republic
100%
Denmark
100%
Estonia
100%
Eswatini
100%
Finland
100%
France (12 Subdivisions)
100%
Greece
100%
Hungary
92%
Ireland
92%
Italy (19 Subdivisions)
92%
Kosovo
92%
Latvia
92%
Liechtenstein
92%
Lithuania
92%
Luxembourg
92%
Malta
92%
Moldova
92%
Monaco
92%
Morocco
92%
Namibia
92%
Netherlands
92%
North Macedonia
92%
Norway
92%
Poland
92%
Portugal
92%
Romania
92%
Russia
92%
San Marino
92%
Serbia
92%
Slovakia
92%
Slovenia
92%
South Africa
92%
Spain (14 Subdivisions)
92%
Sweden
92%
Switzerland
92%
Tunisia
92%
Turkey
92%
Ukraine
92%
Vatican City
92%
Zimbabwe
92%
Cape Verde
85%
Lesotho
85%
Montenegro
85%
Mauritius
77%
Germany (16 Subdivisions)
69%
United Kingdom (4 Subdivisions)
62%
No matching quizzes found
Score Distribution
Percent of People with Each Score
Percentile by Number Answered
Your Score History
You have not taken this quiz since the last reset